[Event "17th ch-EU U16 Girls"]
[Site "Sibenik CRO"]
[Date "2007.09.23"]
[Round "9"]
[White "Remy,Ja"]
[Black "Tsirulnik,Mari"]
[Result "1-0"]
[WhiteElo "1927"]
[BlackElo "2095"]

1.e4 d6 2.Nc3 Nf6 3.d4 c6 4.Nf3 g6 5.Be2 Bg7 6.O-O O-O 7.h3 Qc7 8.Be3 Nbd7
9.Qd2 b5 10.a3 Bb7 11.Bh6 e5 12.Bxg7 Kxg7 13.Rad1 Rfe8 14.dxe5 dxe5 15.Qe3 Qb6
16.Qg5 h6 17.Qg3 Nh5 18.Qh2 Re7 19.Rd6 Nf4 20.Rfd1 Nf6 21.Bf1 Qc5 22.R6d2 a5
23.Re1 Rae8 24.Nh4 b4 25.axb4 Qxb4 26.Qg3 N4h5 27.Qe3 Qxb2 28.Rb1 Qa3 29.Rb3 Nd5
30.Nxd5 Qa1 31.Nc3 a4 32.Rd1 Qxd1 33.Nxd1 axb3 34.Qxb3 Nf6 35.Bd3 Ra8 36.Ne3 Bc8
37.Qc3 Re6 38.Nf3 Nd7 39.Kh2 f6 40.Bc4 Re8 41.Qb4 c5 42.Qc3 Bb7 43.Bd5 Bxd5
44.Nxd5 Rac8 45.Qa5 Rf8 46.Nd2 Rf7 47.Nc4 Rb8 48.Nd6 Rff8 49.Qc7 Rfd8 50.Nb7 Rbc8
51.Qd6  1-0

[Event "6th ch-Asia"]
[Site "Cebu City PHI"]
[Date "2007.09.25"]
[Round "7"]
[White "Tolentino,R"]
[Black "Wang Rui"]
[Result "0-1"]
[WhiteElo "2276"]
[BlackElo "2482"]

1.e4 d6 2.d4 Nf6 3.Nc3 e5 4.dxe5 dxe5 5.Qxd8+ Kxd8 6.Bc4 Ke8 7.Nf3 Bd6 8.Bg5 Nbd7
9.O-O-O a6 10.a4 h6 11.Bh4 Nb6 12.Bb3 Bg4 13.h3 Bxf3 14.gxf3 Nbd7 15.Bxf6 Nxf6
16.Nd5 Nxd5 17.Rxd5 Ke7 18.Rhd1 Rad8 19.Kd2 Bc5 20.Ke2 Rxd5 21.Bxd5 c6 22.Bb3 Bd4
23.c3 Bc5 24.Bc2 Bd6 25.Bb3 Bc5 26.Bc2 h5 27.Rg1 Kf6 28.Rd1 Ke7 29.Rg1 g6
30.Rd1 Rb8 31.Ra1 Bd6 32.Bd3 a5 33.b3 Rd8 34.Bc4 Bc5 35.Ra2 Rd6 36.Ra1 Rf6
37.Bd3 Rf4 38.Bc2 Rh4 39.Rh1 Ba3 40.Bd1 Bc5 41.Kf1 Ba3 42.Ke1 Rf4 43.Be2 Rf6
44.Kd2 Bc5 45.Rh2 Rf4 46.Ke1 Kf6 47.Rg2 Ba3 48.Kd2 Kg7 49.Bd1 Rf6 50.Be2 Kh6
51.Bd1 Rd6+ 52.Kc2 Bc5 53.Be2 Kg7 54.Bd3 Rf6 55.Be2 Kf8 56.Kd2 Ke7 57.Rh2 Kd7
58.Bd1 Kd6 59.Ke2 Ba3 60.Rh1 Kc7 61.Kd2 Rd6+ 62.Kc2 Bc5 63.Rf1 Kd7 64.Be2 Ke7
65.Kc1 Rf6 66.Kd2 Rf4 67.Ke1 Kd6 68.Rg1 Kc7 69.Rf1 Rf6 70.Kd2 Rf4 71.Ke1 b5
72.Bd1 Rf6 73.Ke2 Ba3 74.Kd2 b4 75.Be2 Kb6 76.c4 Bb2 77.Kc2 Bd4 78.c5+ Bxc5
79.Kd2 Bd4 80.Kd3 Rf4 81.Kd2 Rh4 82.Rh1 Bxf2 83.Bc4 Rf4 84.Ke2 Bd4 85.Rh2 Kc5
86.Rg2 Kd6 87.Rh2 Ke7 88.Rg2 Kf6 89.Rg3 Rh4 90.Ke1 Ke7 91.Ke2 Bc3 92.Ba6 Bb2
93.Kd2 Kd6 94.Bc4 Rf4 95.Ke2 Bd4 96.Ke1 h4 97.Rg4 Rxf3 98.Rxh4 f6 99.Kd2 Kc5
100.Rh8 Kd6 101.h4 Rf4 102.Kd3 f5 103.Rh6 Kc5 104.exf5 gxf5 105.Ke2 Rf2+
106.Ke1 Rh2 107.h5  0-1

[Event "16th Monarch Assurance"]
[Site "Port Erin IOM"]
[Date "2007.09.27"]
[Round "6"]
[White "Kunin,V"]
[Black "Klinova,M"]
[Result "1-0"]
[WhiteElo "2507"]
[BlackElo "2326"]

1.d4 d6 2.e4 Nf6 3.Nc3 e5 4.Nf3 Nbd7 5.Bc4 Be7 6.O-O O-O 7.a4 c6 8.Re1 b6
9.Bg5 a5 10.dxe5 dxe5 11.Qe2 Qc7 12.Nh4 Nc5 13.Nf5 Bxf5 14.exf5 b5 15.Bb3 b4
16.Nd1 e4 17.Ne3 Qe5 18.Rab1 Rfe8 19.Bh4 Nxb3 20.cxb3 Nd5 21.Bg3 Qf6 22.Qg4 Qg5
23.Qxg5 Bxg5 24.Nc4 e3 25.f3 h5 26.Kf1 h4 27.Bd6 Rad8 28.g3 Bf6 29.Bc5 h3
30.Ke2 Kh7 31.f4 g6 32.fxg6+ fxg6 33.Kf3 e2 34.Rxe2 Rxe2 35.Kxe2 g5 36.fxg5 Bxg5
37.Rd1 Re8+ 38.Kf3 Kg6 39.Kg4 Re2 40.Kxh3 Bf6 41.Rd2 Rxd2 42.Nxd2 Bxb2 43.Nc4 Bc3
44.Kg4 Nc7 45.h4 Ne6 46.Be3 Bd4 47.Bxd4 Nxd4 48.Nd2 c5 49.Kf4 Kh5 50.Ke4 Ne2
51.Kd5  1-0

[Event "16th Monarch Assurance"]
[Site "Port Erin IOM"]
[Date "2007.09.27"]
[Round "6"]
[White "Yeo,M"]
[Black "Goodger,M"]
[Result "0-1"]
[WhiteElo "2153"]
[BlackElo "2093"]

1.e4 d6 2.d4 Nf6 3.Nc3 e5 4.Nf3 exd4 5.Nxd4 Be7 6.g3 d5 7.e5 Ng4 8.Bf4 g5
9.e6 h5 10.exf7+ Kxf7 11.Bg2 gxf4 12.Bxd5+ Kg7 13.Qd3 Nc6 14.Nxc6 bxc6 15.Bxc6 Qxd3
16.cxd3 Rb8 17.O-O-O Nxf2 18.Rhe1 Bg5 19.h4 Nxd1 20.hxg5 Nxc3 21.Re7+ Kg6
22.gxf4 Nxa2+ 23.Kb1 Bf5 24.Kxa2 h4 25.Be4 Bxe4  0-1

[Event "16th Monarch Assurance"]
[Site "Port Erin IOM"]
[Date "2007.09.27"]
[Round "6"]
[White "Adams,P"]
[Black "Fairbairn,S"]
[Result "1-0"]
[WhiteElo "2144"]
[BlackElo "2091"]

1.e4 d6 2.d4 Nf6 3.Nc3 Nbd7 4.Nf3 e5 5.g3 Be7 6.Bg2 O-O 7.O-O c6 8.a4 a5
9.Re1 Re8 10.b3 Qc7 11.Bb2 Bf8 12.Qd2 g6 13.Rad1 Bg7 14.h3 b6 15.Ba3 exd4
16.Nxd4 Bb7 17.Nf3 d5 18.exd5 Nxd5 19.Nxd5 cxd5 20.Nd4 Rxe1+ 21.Rxe1 Nc5
22.Nb5 Qd7 23.Rd1 d4 24.Bxb7 Qxb7 25.Bxc5 bxc5 26.Nd6 Qc7 27.Nc4 h5 28.h4 Bf6
29.Re1 Kg7 30.Re4 Qc6 31.Qe2 Ra7 32.Qd3 Qd5 33.Re2 Qc6 34.Re1 Qd5 35.f4 Qd7
36.Kg2 Qb7+ 37.Kf2 Qd7 38.Kg2 Qb7+ 39.Kf2 Qd7 40.Ke2 Qb7 41.Kd1 Qg2 42.Kc1 Qf2
43.Rf1 Qg2 44.Qf3 Qxf3 45.Rxf3 Kf8 46.Kd2 Ke7 47.Kd3 Ke6 48.Ke4 d3 49.Rxd3 Bd4
50.Rf3 f5+ 51.Kd3 Ra6 52.c3 Bf6 53.Re3+ Kd7 54.Re2 Bg7 55.Ne5+ Kc7 56.Kc4 Bf8
57.Rd2 Rb6 58.Rd7+ Kc8 59.Rf7  1-0

[Event "16th Monarch Assurance"]
[Site "Port Erin IOM"]
[Date "2007.09.28"]
[Round "7"]
[White "Noordhoek,H"]
[Black "Welling,G"]
[Result "1/2-1/2"]
[WhiteElo "2102"]
[BlackElo "2364"]

1.e4 d6 2.d4 Nf6 3.Nc3 c6 4.Be3 Qb6 5.Rb1 Ng4 6.Qd2 Nxe3 7.Qxe3 e5 8.Nf3 Nd7
9.Bc4 Be7 10.O-O O-O 11.Ne2 exd4 12.Nexd4 Ne5 13.Nxe5 dxe5 14.Nf5 Bxf5 15.Qxb6 axb6
16.exf5 Ra4 17.Bb3 Rf4 18.Rbd1 Rxf5 19.Rd7 Bc5 20.g3 Rb8 21.Kg2 Kf8 22.f3 h5
23.c3 g5 24.Bc2 Rf6 25.b4 Rd6 26.Rd1 Rxd1 27.Rxd1 Be7 28.Rd7 Ke8 29.Bf5 b5
30.Kf1 Bf6 31.Rd6 Bg7 32.Be4 Ke7 33.Rd2 Rd8 34.Ke2 g4 35.fxg4 Bh6 36.Rc2 hxg4
37.Bf5 Rg8 38.Kd3 Kf6 39.Rf2 Rd8+ 40.Ke4 Kg5 41.Bh7 Kh5 42.Rxf7 Rd2 43.Kxe5 Rxh2
44.Kf6 Bg5+ 45.Kg7 Bh6+ 46.Kf6 Bg5+ 47.Kg7 Bh6+ 48.Kf6  1/2-1/2

[Event "12th ECC Women"]
[Site "Kemer TUR"]
[Date "2007.10.04"]
[Round "2"]
[White "Kesim,A"]
[Black "Stevandic,D"]
[Result "0-1"]
[WhiteElo "1650"]
[BlackElo "2052"]

1.e4 d6 2.d4 Nf6 3.Nc3 c6 4.Bc4 b5 5.Bd3 a6 6.a3 e5 7.dxe5 dxe5 8.Be3 Be7
9.Nf3 Qc7 10.h3 O-O 11.g4 Rd8 12.Qc1 Nbd7 13.Bg5 Nc5 14.Qe3 Ne6 15.Bxf6 Bxf6
16.g5 Be7 17.b4 Nf4 18.O-O-O a5 19.Bf1 Rxd1+ 20.Nxd1 axb4 21.axb4 Bxb4 22.Qb3 Qa5
23.c3 Qa1+ 24.Qb1 Bxc3 25.Qxa1 Bxa1 26.Ne3 Be6 27.h4 Ra2 28.Nc2 Bc3 29.Nfe1 b4
30.Kb1 b3  0-1

[Event "WJun Girls"]
[Site "Yerevan ARM"]
[Date "2007.10.04"]
[Round "2"]
[White "Zawadzka,J"]
[Black "Grigorian,Mar"]
[Result "1-0"]
[WhiteElo "2371"]
[BlackElo "2078"]

1.e4 d6 2.d4 Nf6 3.Nc3 e5 4.Nf3 Nbd7 5.g4 Nxg4 6.Rg1 exd4 7.Nxd4 Nde5 8.h3 Nf6
9.f4 Ng6 10.Qf3 c6 11.Be3 Bd7 12.O-O-O Qa5 13.Rg5 b5 14.e5 h6 15.Rxg6 fxg6
16.exf6 d5 17.Bxb5 cxb5 18.Qxd5 Rc8 19.Nc6  1-0

[Event "KNSB TCh-NED 2007-8"]
[Site "Netherlands NED"]
[Date "2007.10.06"]
[Round "2"]
[White "Fridman,D2"]
[Black "Hokamp,S"]
[Result "1-0"]
[WhiteElo "2621"]
[BlackElo "2114"]

1.d4 d6 2.e4 Nf6 3.Nc3 c6 4.f4 Qc7 5.Nf3 Bg4 6.h3 Bxf3 7.Qxf3 e5 8.Be3 Nbd7
9.g4 g6 10.O-O-O Bg7 11.Bc4 b5 12.Bb3 a5 13.a4 bxa4 14.Nxa4 O-O 15.g5 Nh5
16.dxe5 dxe5 17.f5 Rab8 18.f6 Bh8 19.Nc5 Rbd8 20.Nxd7 Rxd7 21.Rxd7 Qxd7 22.Rd1 Qc8
23.Bc5 Re8 24.Qd3 a4 25.Ba2 Bxf6 26.gxf6 Nxf6 27.Rf1 Kg7 28.Rxf6 Kxf6 29.Qf3+ Kg5
30.Be3+ Kh4 31.Bf2+  1-0

[Event "12th ECC Women"]
[Site "Kemer TUR"]
[Date "2007.10.07"]
[Round "5"]
[White "Acarbay,Al"]
[Black "Meseli,P"]
[Result "1-0"]
[WhiteElo "1865"]
[BlackElo "1936"]

1.e4 d6 2.d4 Nf6 3.Nc3 e5 4.Nf3 exd4 5.Nxd4 Be7 6.Bc4 O-O 7.f3 c6 8.Qd3 Nfd7
9.f4 Nb6 10.Bb3 Na6 11.O-O Nc5 12.Qf3 Nxb3 13.axb3 f5 14.exf5 Bxf5 15.g4 Bd7
16.Re1 d5 17.Ne6 Bxe6 18.Rxe6 Qd7 19.Re2 Bc5+ 20.Kh1 Rfe8 21.Bd2 Rxe2 22.Nxe2 Nc8
23.b4 Bb6 24.Rf1 Nd6 25.Bc3 Ne4 26.Be1 Re8 27.Ng3 Nf6 28.f5 Ne4 29.Nh5 Ng5
30.Qf4 Be3 31.Qg3 d4 32.f6 Qd5+ 33.Qg2 Qxg2+ 34.Kxg2 g6 35.f7+ Nxf7 36.Nf6+ Kf8
37.Nxe8 Kxe8 38.Bf2 Bxf2 39.Kxf2 Nd6 40.Rd1 Nb5 41.Kg3 g5 42.h4 h6 43.Rf1 Nd6
44.Re1+ Kf7 45.h5 Kf6 46.Rf1+ Ke7 47.Kf3 Ke6 48.Re1+ Kf6 49.Ke2 Ke5 50.Kd3+ Kd5
51.Re7 b6 52.Rh7 c5 53.bxc5 bxc5 54.Rxh6 Ne4 55.Rg6 Nf2+ 56.Ke2 d3+ 57.cxd3 Nxg4  1-0

[Event "WJun Girls"]
[Site "Yerevan ARM"]
[Date "2007.10.09"]
[Round "7"]
[White "Markantonaki,H"]
[Black "Grigorian,Mar"]
[Result "0-1"]
[WhiteElo "2161"]
[BlackElo "2078"]

1.e4 d6 2.d4 Nf6 3.Nc3 e5 4.Nf3 Nbd7 5.g3 Be7 6.Bg2 c6 7.a4 O-O 8.O-O b6
9.Re1 a6 10.b3 Rb8 11.Bb2 b5 12.Qd2 Qc7 13.Nh4 g6 14.h3 Re8 15.Rad1 Bb7 16.Kh1 Rbd8
17.axb5 axb5 18.Ne2 Bf8 19.dxe5 dxe5 20.Qg5 h6 21.Qe3 Kh7 22.g4 Nc5 23.Ng3 Ne6
24.Nf3 Nd7 25.Bc1 Nf4 26.Qc3 b4 27.Qc4 Nc5 28.Qf1 Ba6 29.Qg1 Nce6 30.Bf1 Bxf1
31.Qxf1 Bc5 32.Be3 Bf8 33.Kh2 f6 34.Qc4 Kg7 35.c3 Rb8 36.cxb4 Rxb4 37.Qc3 Reb8
38.Rc1 c5 39.Nd2 Qd7 40.Ra1 Nd4 41.Ra3 Nb5 42.Qa1 Nxa3 43.Qxa3 c4 44.bxc4 Rxc4
45.Qa7 Rb7 46.Qxb7 Qxb7 47.Nxc4 Qb4 48.Nd2 Bc5 49.Rb1 Qa3 50.Rb7+ Kg8 51.Nc4 Qa8
52.Rc7 Ne6 53.Rd7 Qa4 54.Bxc5 Qxd7 55.Be3 Qd3 56.Nb6 Nf4 57.Nc8 Qd7 58.Nb6 Qd1
59.Nc8 Qf3 60.Bxf4 Qxf2+ 61.Kh1 exf4  0-1

[Event "WJun Girls"]
[Site "Yerevan ARM"]
[Date "2007.10.11"]
[Round "8"]
[White "Hakimifard,G"]
[Black "Rudolf,An"]
[Result "1-0"]
[WhiteElo "2102"]
[BlackElo "2273"]

1.e4 d6 2.d4 Nf6 3.Nc3 Nbd7 4.f4 e5 5.Nf3 c6 6.Bc4 exd4 7.Qxd4 d5 8.Be2 Bc5
9.Qd3 Ng4 10.Nd4 Ndf6 11.e5 Ne4 12.Bxg4 Bxg4 13.O-O Qd7 14.Be3 O-O-O 15.Rab1 a6
16.b4 Ba7 17.a4 Nxc3 18.Qxc3 Qc7 19.Bf2 Rhe8 20.b5 cxb5 21.Qg3 Bd7 22.axb5 Bxd4
23.Bxd4 Bxb5 24.Rf3 Kb8 25.Rc3 Qd7 26.f5 Ka8 27.Rcb3 Bc6 28.Qc3 Kb8 29.Qc5 Qc7
30.Qa7+ Kc8 31.Bb6 Qxe5 32.Bxd8 Kxd8 33.Qf2 Re7 34.Rh3 h6 35.Qa7 Re8 36.Rf3 Qc7
37.Rd1 Re4 38.f6 g6 39.Qc5 h5 40.Rfd3 Kc8 41.R3d2 b6 42.Qf8+ Re8 43.Qa3 a5
44.Rd3 Re2 45.Re3 Rxe3 46.Qxe3 Qd8 47.Qd4 b5 48.Re1 Qd6 49.Re7 a4 50.Qb6 a3
51.Re8+ Bxe8 52.Qxd6 a2 53.Qa6+ Kd7 54.Qxb5+ Kd6 55.Qb2 Bd7 56.Qxa2 Ke5 57.Qb2+ Kf5
58.Qd4 Be6 59.Kf2 g5 60.Ke3 Kg6 61.Kd2 h4 62.h3 Kf5 63.Kc3 Kg6 64.Qe5 Kh5
65.Kd4 Kg6 66.c3 Bc8 67.Qe8 Be6 68.Ke5  1-0

[Event "WJun Girls"]
[Site "Yerevan ARM"]
[Date "2007.10.12"]
[Round "9"]
[White "Nebolsina,V"]
[Black "Vega Gutierrez,S"]
[Result "1-0"]
[WhiteElo "2349"]
[BlackElo "2331"]

1.e4 d6 2.d4 Nf6 3.Nc3 e5 4.Nge2 Nbd7 5.g3 c6 6.Bg2 Be7 7.a4 a5 8.O-O O-O
9.h3 exd4 10.Nxd4 Nc5 11.Bf4 Re8 12.Qd2 Qb6 13.g4 Bf8 14.Rfe1 Be6 15.Be3 h6
16.Nxe6 Rxe6 17.Bd4 Qb4 18.f3 g6 19.Qf2 Bg7 20.Red1 Ne8 21.Ne2 Bxd4 22.Nxd4 Rf6
23.Qe3 Ne6 24.Nb3 Nf4 25.Bf1 Nc7 26.Ra3 Re8 27.c3 Nfd5 28.Qd4 Qxd4+ 29.Nxd4 Ne3
30.Re1 Nxf1 31.Rxf1 d5 32.Rb3 dxe4 33.Rxb7 Ne6 34.Nxc6 exf3 35.Ne7+ Kg7 36.Nd5 Ng5
37.Nxf6 Re2 38.h4 Nh3+ 39.Kh1 Nf2+ 40.Rxf2 Rxf2 41.Ne8+ Kg8 42.Kg1 Re2 43.Rb8 Kf8
44.Nd6+ Kg7 45.Ne8+ Kf8 46.Nf6+ Kg7 47.Rb6 Rg2+ 48.Kf1 Rh2 49.b4 Rxh4 50.bxa5 h5
51.g5 Rxa4 52.Rb8  1-0

[Event "TCh-HUN 2007-8"]
[Site "Budapest HUN"]
[Date "2007.10.14"]
[Round "1"]
[White "Reiss,T"]
[Black "Czebe,A"]
[Result "1/2-1/2"]
[WhiteElo "2386"]
[BlackElo "2499"]

1.d4 d6 2.e4 Nf6 3.Nc3 e5 4.Nf3 Nbd7 5.Bc4 Be7 6.O-O O-O 7.Re1 c6 8.a4 Qc7
9.Bg5 Nb6 10.Be2 Be6 11.Bxf6 Bxf6 12.a5 Nc8 13.d5 Bd7 14.a6 Ne7 15.Bc4 b5
16.dxc6 bxc4 17.cxd7 Qxd7 18.Nd2 Rfc8 19.Ra4 Qe6 20.Qe2 d5 21.exd5 Nxd5 22.Nxd5 Qxd5
23.Nxc4 Rc6 24.Na5 Rb6 25.Nc4 Rc6 26.Ne3 Qe6 27.Rd1 Rd8 28.Rxd8+ Bxd8 29.b4 Bb6
30.b5 Rc3 31.Rc4 Ra3 32.Rc6 Ra1+ 33.Nf1 Qf5 34.Qf3 g6 35.Qe2 Rb1 36.g4 Qd7
37.h3 Qd5 38.c4 Qd4 39.Rxb6 axb6 40.Kg2 Ra1 41.Nh2 e4 42.Nf1 Qd3 43.Ng3 Qb1
44.Nxe4 Qh1+ 45.Kg3 h6 46.Kf4 Ra3 47.Ke5 Qh2+  1/2-1/2

[Event "WJun Girls"]
[Site "Yerevan ARM"]
[Date "2007.10.14"]
[Round "11"]
[White "Abrahamyan,T"]
[Black "Grigorian,Mar"]
[Result "1-0"]
[WhiteElo "2246"]
[BlackElo "2078"]

1.e4 d6 2.d4 Nf6 3.Nc3 e5 4.Nf3 Nbd7 5.Bc4 Be7 6.O-O O-O 7.Re1 c6 8.a4 b6
9.d5 cxd5 10.Nxd5 Bb7 11.b3 Rc8 12.Re2 Nxd5 13.Bxd5 Ba6 14.c4 Nf6 15.h3 Nxd5
16.Qxd5 Rc7 17.Nd2 Bc8 18.Ba3 Be6 19.Qd3 Rd7 20.Nb1 f5 21.exf5 Bxf5 22.Qd5+ Kh8
23.Nc3 Qe8 24.f4 Qg6 25.Qc6 exf4 26.Rf1 Bxh3 27.Nd5 f3 28.Nxe7 Rxe7 29.Rxf3 Ree8
30.Rxf8+ Rxf8 31.Qxd6 Qxd6 32.Bxd6 Bg4 33.Re7 Bd1 34.Rxa7 Rg8 35.b4 Bb3 36.b5 Bxc4
37.Bc7 h5 38.Bxb6 Kh7 39.Bc7 Bd5 40.a5 Kg6 41.b6 Kf6 42.a6  1-0

[Event "TCh-ROU Superliga"]
[Site "Predeal ROU"]
[Date "2007.10.15"]
[Round "3"]
[White "Thesing,M"]
[Black "Moldovan,D"]
[Result "1/2-1/2"]
[WhiteElo "2393"]
[BlackElo "2434"]

1.e4 d6 2.d4 Nf6 3.Nc3 e5 4.Nf3 Nbd7 5.Bc4 Be7 6.O-O O-O 7.a4 c6 8.Re1 b6
9.Ba2 a6 10.Bg5 Rb8 11.dxe5 dxe5 12.Bxf6 Bxf6 13.Qd6 Bb7 14.a5 Be7 15.Qd2 b5
16.Red1 Bc8 17.Ne2 Qc7 18.Ng3 Re8 19.Qc3 Bf6 20.Bd5 c5 21.Nf5 Nf8 22.Ne3 Ng6
23.Rd2 h5 24.Rad1 Bg4 25.Ba2 b4 26.Qc4 Be6  1/2-1/2

[Event "TCh-ROU Superliga"]
[Site "Predeal ROU"]
[Date "2007.10.15"]
[Round "3"]
[White "Jianu,V"]
[Black "Sanduleac,V"]
[Result "1/2-1/2"]
[WhiteElo "2535"]
[BlackElo "2450"]

1.d4 d6 2.e4 Nf6 3.Nc3 e5 4.Nge2 Be7 5.f3 O-O 6.Be3 a6 7.a4 exd4 8.Nxd4 Nc6
9.Qd2 Nxd4 10.Bxd4 Be6 11.Rd1 c5 12.Be3 Qb6  1/2-1/2

[Event "WJun Girls"]
[Site "Yerevan ARM"]
[Date "2007.10.16"]
[Round "13"]
[White "Priya,P"]
[Black "Vega Gutierrez,S"]
[Result "1/2-1/2"]
[WhiteElo "2129"]
[BlackElo "2331"]

1.e4 d6 2.d4 Nf6 3.Nc3 e5 4.Nf3 Nbd7 5.Bc4 Be7 6.O-O O-O 7.Re1 c6 8.a4 a5
9.Bg5 Nb6 10.Bb3 Nfd7 11.Bxe7 Qxe7 12.Ne2 exd4 13.Nexd4 Nc5 14.e5 d5 15.c3 Nxb3
16.Qxb3 Nc4 17.Qc2 Bd7 18.b3 Nb6  1/2-1/2

[Event "IV Open"]
[Site "Calvia ESP"]
[Date "2007.10.17"]
[Round "3"]
[White "Bykhovsky,An ISR"]
[Black "Strikovic,A"]
[Result "1-0"]
[WhiteElo "2364"]
[BlackElo "2551"]

1.d4 d6 2.e4 Nf6 3.Nc3 e5 4.Nf3 Nbd7 5.g4 h6 6.g5 hxg5 7.Nxg5 exd4 8.Qxd4 c6
9.Bf4 Nh5 10.Be3 Ne5 11.Be2 Qf6 12.Qd2 Ng6 13.Bxh5 Rxh5 14.f4 Qd8 15.O-O-O Be7
16.Nf3 Bg4 17.Qg2 Bxf3 18.Qxf3 Rh4 19.Kb1 Qa5 20.e5 dxe5 21.f5 e4 22.Nxe4 Ne5
23.Qg2 Rg4 24.Ng3 Bf6 25.Bd2 Qd5 26.Qxd5 cxd5 27.Nh5 O-O-O 28.Nxf6 gxf6 29.h4 Nf3
30.h5 Nxd2+ 31.Rxd2 Rf4 32.h6 Rxf5 33.c4 Rh8 34.cxd5 Kd7 35.d6 Rg5 36.Re1 Re8
37.Rc1 Rc8 38.Re1 Re5 39.Rh1 Rh8 40.h7 Re6 41.Rg2 Ree8 42.Rg7 Kxd6 43.Rd1+ Kc6
44.Rxf7 Ref8 45.Rc1+ Kb6 46.Rxf8 Rxf8 47.Rf1 Kc7 48.Rxf6 Rxf6 49.h8=Q Rc6
50.Qe5+ Kc8 51.b4 a6 52.a4 b6 53.Kb2 Rc7 54.Qd5 Kb8 55.Kb3 Ka7 56.Ka3 Rc3+
57.Kb2 Rc7 58.Qd4 Kb7 59.Qd6 Rc8 60.Kb3 Rc7 61.Qd5+ Ka7 62.a5 bxa5 63.Qxa5 Rb7
64.Qd8 Rb5 65.Ka4 Kb7 66.Qd4 Kb8 67.Qd7 Rb7 68.Qd6+ Ka7 69.Kb3 Rb6 70.Qc5 Kb7
71.Qe7+ Kb8 72.Kc4 Rb5 73.Qd7 Rb7 74.Qd8+ Ka7 75.Kc5 Rb8 76.Qd7+ Rb7 77.Qd4 Rc7+
78.Kd6+ Kb7 79.Qe5 Kb8 80.Qa5 Rb7 81.Qxa6 Rxb4 82.Qa5 Rd4+ 83.Kc5 Rd7 84.Kc6  1-0

[Event "TCh-ROU Superliga"]
[Site "Predeal ROU"]
[Date "2007.10.19"]
[Round "7"]
[White "Nanu,C"]
[Black "Rusan,P"]
[Result "1-0"]
[WhiteElo "2526"]
[BlackElo "2278"]

1.d4 d6 2.e4 Nf6 3.Nc3 e5 4.Nf3 exd4 5.Nxd4 Be7 6.Nde2 O-O 7.g3 c6 8.Bg2 Re8
9.O-O Bf8 10.Bf4 Na6 11.Re1 Nc5 12.Nd4 Qb6 13.Nb3 Bg4 14.Qd2 Rad8 15.Bg5 Be7
16.Be3 Be6 17.h3 Qc7 18.f4 b6 19.Nd4 d5 20.e5 Nfe4 21.Nxe4 Nxe4 22.Bxe4 dxe4
23.Nxe6 fxe6 24.Qg2 Rd5 25.Qxe4 Red8 26.Kg2 c5 27.c4 Rd3 28.Re2 Qd7 29.Rf1 g6
30.Rff2 Qa4 31.b3 Qb4 32.Qb7 R8d7 33.Qc6 Kf7 34.f5 gxf5 35.Rxf5+ exf5 36.e6+ Kg7
37.exd7 Rxe3 38.Rxe3 Qd2+ 39.Kf3 Bg5 40.Re2 Qd3+ 41.Kf2 f4 42.Qf3 Qxd7 43.gxf4 Qd4+
44.Qe3 Bh4+ 45.Kg2 Qd7 46.Qe6 Qd8 47.Kh2 Bf6 48.Rg2+ Kh6 49.Re2 Qd4 50.Kg2 Kg7
51.Qg4+ Kf7 52.Qf3 a5 53.Qd5+ Kg6 54.Qxd4 cxd4 55.Re6 Kf5 56.Rxb6 Be7 57.Kf3 d3
58.Rb5+  1-0

[Event "Open A"]
[Site "Arco di Trento ITA"]
[Date "2007.10.20"]
[Round "1"]
[White "Moratto,D"]
[Black "La Manna,A"]
[Result "0-1"]
[WhiteElo "1855"]
[BlackElo "2145"]

1.e4 d6 2.d4 Nf6 3.Nc3 c6 4.f4 Qa5 5.Bd2 e5 6.Nf3 Bg4 7.Nd5 Qd8 8.Nxf6+ Qxf6
9.dxe5 dxe5 10.fxe5 Qg6 11.Bd3 Nd7 12.O-O Bxf3 13.Rxf3 Nxe5 14.Rg3 Qe6 15.Qe2 Bd6
16.Bc3 O-O 17.Bc4 Qe7 18.Qh5 g6 19.Qh6 Qf6 20.Rf1 Qg7 21.Qc1 Kh8 22.h4 f6
23.h5 Nxc4 24.h6 Qe7 25.Rgf3 Be5  0-1

[Event "Open A"]
[Site "Arco di Trento ITA"]
[Date "2007.10.20"]
[Round "1"]
[White "Bossoni,M"]
[Black "Lazic,Mir"]
[Result "0-1"]
[WhiteElo "1993"]
[BlackElo "2493"]

1.e4 d6 2.d4 Nf6 3.Nc3 c6 4.Nf3 Bg4 5.Be2 e6 6.a4 d5 7.exd5 Bxf3 8.Bxf3 cxd5
9.O-O Nc6 10.Bf4 Bd6 11.Bxd6 Qxd6 12.Nb5 Qd7 13.Qd2 O-O 14.Rfd1 Rfc8 15.b3 Ne7
16.Na3 Nf5 17.g3 Nd6 18.Bg2 Nfe4 19.Qe1 Nf6 20.f3 a6 21.Qb4 h5 22.Rac1 a5
23.Qd2 b5 24.axb5 Nxb5 25.Nxb5 Qxb5 26.Bf1 Qb6 27.Kg2 a4 28.bxa4 Rxa4 29.Rb1 Qa7
30.Rb2 g6 31.Qf4 Kg7 32.g4 hxg4 33.fxg4 e5 34.Qxe5 Re8 35.Qg3 Rxd4 36.g5 Ne4  0-1

[Event "Bundesliga 2007-8"]
[Site "Hamburg GER"]
[Date "2007.10.21"]
[Round "2"]
[White "Reeh,O"]
[Black "Miltner,A"]
[Result "1-0"]
[WhiteElo "2427"]
[BlackElo "2363"]

1.e4 d6 2.d4 Nf6 3.Nc3 e5 4.Nf3 Nbd7 5.Bc4 Be7 6.O-O O-O 7.a4 a5 8.Re1 c6
9.h3 exd4 10.Qxd4 Nc5 11.Bf4 Be6 12.Rad1 Qb6 13.Bxe6 fxe6 14.e5 dxe5 15.Bxe5 Rad8
16.Qh4 Qb4 17.Qg3 Nh5 18.Qg4 Qxg4 19.hxg4 Nf6 20.g5 Nd5 21.b3 Rd7 22.Ne4 Rfd8
23.Nxc5 Bxc5 24.Bb2 Nc7 25.Rxd7 Rxd7 26.g3 Rd5 27.Kg2 Be7 28.Re2 b5 29.c4 bxc4
30.bxc4 Rd1 31.Be5 Na6 32.Bc3 Bb4 33.Bd4 c5 34.Be5 Kf7 35.Bf4 Bc3 36.g6+ hxg6
37.Ng5+ Ke7 38.Rxe6+ Kd7 39.Rxa6 Ra1 40.Ne4 Bb4 41.Be3  1-0

[Event "IV Open"]
[Site "Calvia ESP"]
[Date "2007.10.22"]
[Round "8"]
[White "Berg,E"]
[Black "Hamdouchi,H"]
[Result "1-0"]
[WhiteElo "2593"]
[BlackElo "2576"]

1.e4 d6 2.d4 Nf6 3.Nc3 e5 4.Nf3 Nbd7 5.Bc4 Be7 6.O-O O-O 7.a4 c6 8.Re1 a5
9.Ba2 exd4 10.Nxd4 Nc5 11.Bf4 Qb6 12.Qd2 Re8 13.h3 Bd7 14.e5 dxe5 15.Bxe5 Qb4
16.Re3 Nh5 17.Qe2 g6 18.g4 Bf6 19.Bxf6 Nxf6 20.Rd1 Rxe3 21.Qxe3 Rf8 22.Qe5 Ne8
23.Nb3 Nxb3 24.Rxd7 Qc5 25.Qf4 g5 26.Qf3 Nd4 27.Qd3  1-0

[Event "33rd Fortis Open"]
[Site "Guernsey GCI"]
[Date "2007.10.23"]
[Round "3"]
[White "Broek,T"]
[Black "Rowe,P"]
[Result "1/2-1/2"]
[WhiteElo "2202"]
[BlackElo "2046"]

1.e4 d6 2.d4 Nf6 3.Nc3 Nbd7 4.Nf3 e5 5.dxe5 dxe5 6.Bc4 Be7 7.Bxf7+ Kxf7 8.Ng5+ Kg6
9.Ne6 Qg8 10.f4 Bd6 11.Nd5 Nxd5 12.exd5 Nf6 13.fxe5 Bxe6 14.exf6 Bxd5 15.f7 Kxf7
16.Qxd5+ Ke7 17.Bg5+ Kd7 18.Qb5+ Kc8 19.Qf5+ Kb8 20.O-O Qc4 21.Rad1 Qc5+
22.Kh1 Qxf5 23.Rxf5 h6 24.Bh4 b6 25.Rf7 g5 26.Be1 Rf8 27.Rxf8+ Bxf8 28.h4 Kb7
29.Rd7 gxh4 30.Bxh4 Bd6 31.Rd8  1/2-1/2

[Event "Open A"]
[Site "Arco di Trento ITA"]
[Date "2007.10.24"]
[Round "5"]
[White "Bossoni,M"]
[Black "La Manna,A"]
[Result "0-1"]
[WhiteElo "1993"]
[BlackElo "2145"]

1.e4 d6 2.d4 Nf6 3.Nc3 c6 4.f4 Qa5 5.Bd3 e5 6.Nf3 Bg4 7.dxe5 dxe5 8.O-O Nbd7
9.h3 Bxf3 10.Qxf3 Be7 11.Kh1 exf4 12.Bxf4 Ne5 13.Qe2 Nfd7 14.Rad1 Bf6 15.Bh2 Qb4
16.Rb1 b5 17.a3 Qe7 18.Bxb5 cxb5 19.Nd5 Qc5 20.Rbd1 O-O 21.Rxf6 Nxf6 22.Bxe5 Nxd5
23.Rxd5 Qc4 24.Qg4 f6 25.Bc3 Rad8 26.Qe6+ Kh8 27.Qe7 Rde8 28.Qxa7 Rxe4 29.Rd7 Qf1+
30.Kh2 Qf4+ 31.Kh1 Rfe8 32.Rd1 Re2 33.Qb7 Qg3 34.Qc6 h6 35.Rg1 R8e3 36.Qc8+ Kh7
37.Qf5+ Kg8 38.Qc8+ Re8 39.Qf5 Qf2 40.Qxb5 R8e3 41.Qc4+ Kh7 42.Qg4 Rg3 43.Bd4 Rxg4
44.Bxf2 Rc4 45.Be1 Rcxc2 46.Bc3 g5 47.a4 f5 48.Rf1 g4 49.Rd1 Rxg2 50.a5 Rh2+
51.Kg1 Rcg2+ 52.Kf1 g3  0-1

[Event "Open A"]
[Site "Arco di Trento ITA"]
[Date "2007.10.26"]
[Round "7"]
[White "Friedrich,N"]
[Black "La Manna,A"]
[Result "1/2-1/2"]
[WhiteElo "2313"]
[BlackElo "2145"]

1.e4 d6 2.d4 Nf6 3.Nc3 c6 4.f4 Qa5 5.Bd3 e5 6.Nf3 Bg4 7.Be3 Nbd7 8.O-O Be7
9.h3 Bh5 10.Qe1 Bxf3 11.Rxf3 O-O 12.a3 Nh5 13.b4 Qc7 14.Ne2 a5 15.Rb1 axb4
16.axb4 b5 17.Qf2 Ra2 18.Rf1 Nxf4 19.Nxf4 exf4 20.Bxf4 Qa7 21.Be3 Ra1 22.Qd2 Rxf1+
23.Rxf1 Nf6 24.Qc3 Qb7 25.Qb3 Ra8 26.Kh1 Qd7 27.e5 dxe5 28.dxe5 Nd5 29.Bf5 Qc7
30.e6 f6 31.Bd2 Qe5 32.Qd3 g6 33.Bxg6 hxg6 34.Qxg6+ Kh8 35.Qh6+ Kg8 36.Qg6+ Kh8  1/2-1/2

[Event "33rd Fortis Open"]
[Site "Guernsey GCI"]
[Date "2007.10.26"]
[Round "6"]
[White "Cornelisse,J"]
[Black "Rowe,P"]
[Result "1-0"]
[WhiteElo "2187"]
[BlackElo "2046"]

1.e4 d6 2.d4 Nf6 3.Nc3 Nbd7 4.Nf3 e5 5.Bc4 Be7 6.Ng5 O-O 7.Bxf7+ Rxf7 8.Ne6 Qe8
9.Nxc7 Qd8 10.Nxa8 b5 11.dxe5 dxe5 12.Nd5 Bc5 13.O-O Nxe4 14.Be3 Bb7 15.Nac7 Qh4
16.Qe1 Ng5 17.f4 Bxe3+ 18.Qxe3 exf4 19.Rxf4 Rxf4 20.Qxf4 Qh5 21.Qf5 Bc6 22.Ne7+ Kh8
23.Nxc6 Nh3+ 24.Qxh3 Qc5+ 25.Kh1  1-0

[Event "22nd GP Open A"]
[Site "Le Touquet FRA"]
[Date "2007.10.27"]
[Round "1"]
[White "Groetz,H"]
[Black "Gauge,V"]
[Result "1-0"]
[WhiteElo "2321"]
[BlackElo "1952"]

1.e4 d6 2.d4 Nf6 3.Nc3 Nbd7 4.Nf3 e5 5.Bc4 Be7 6.O-O O-O 7.Re1 c6 8.a4 b6
9.d5 cxd5 10.Nxd5 Nxd5 11.Bxd5 Rb8 12.b3 Nf6 13.Ba3 Nxd5 14.Qxd5 Bb7 15.Qd3 Qc7
16.Rad1 Rbd8 17.c4 Rfe8 18.Nd2 Bf8 19.Nb1 Qb8 20.Qc2 Re6 21.Nc3 Rg6 22.Nd5 Qc8
23.Re3 Qe6 24.f4 Bxd5 25.f5 Qf6 26.fxg6 Be6 27.gxf7+ Bxf7 28.Qf2 Qe6 29.Qf5 Qe8
30.Red3 Bg6 31.Qf3 Qc6 32.Rd5 Be7 33.Rf1 Qe8 34.a5 Qd7 35.h3 Rf8 36.Qe3 Rd8
37.Re1 Qc6 38.Rb5 Qb7 39.axb6 axb6 40.Qxb6 Qa8 41.Ra5 Qc8 42.Ra7  1-0

[Event "ETCC"]
[Site "Crete GRE"]
[Date "2007.10.28"]
[Round "1"]
[White "Brkic,A"]
[Black "Trevelyan,J"]
[Result "1-0"]
[WhiteElo "2577"]
[BlackElo "2191"]

1.e4 d6 2.d4 Nf6 3.Nc3 e5 4.Nf3 Nbd7 5.g4 h6 6.g5 hxg5 7.Nxg5 Be7 8.Bc4 O-O
9.Rg1 exd4 10.Qxd4 Ne5 11.Be2 Nfg4 12.h4 Bf6 13.Qd1 Nh6 14.Be3 Bd7 15.f4 Nc6
16.Qd2 Bxc3 17.Qxc3 f6 18.O-O-O Qe7 19.f5 Kh8 20.Nh3 Qxe4 21.Bxh6 gxh6 22.Qd2 Kh7
23.Rg4  1-0